Retrouvez l'alias #2 - Statistiques

Statistiques générales
  • Ce quiz a été pris 52 fois
    19 depuis la dernière actualisation
  • Le résultat moyen est 14 sur 50
Statistiques - réponses
Nom Alias % Correct
Bruce Banner Hulk
93%
Steve Rogers Captain America
87%
Clark Kent Superman
87%
James "Logan" Howlett Wolverine
80%
Marshall D. Teach Barbe Noire
67%
Natasha Romanoff La Veuve Noire
67%
Wade Wilson Deadpool
60%
Light Yagami Kira
60%
Clint Barton Œil-de-Faucon
60%
Sheev Palpatine Dark Sidious
53%
Sméagol Gollum
53%
Ben Solo Kylo Ren
53%
Norman Osborn Le Bouffon Vert
53%
Eddie Brock Venom
53%
Jonathan Joestar JoJo
47%
Peter Pettigrow Queudver
47%
Diana Prince Wonder Woman
47%
Barry Allen Flash
40%
Wilson Fisk Le Caïd
33%
Red Richards Mr. Fantastique
33%
Hubert Bonnisseur de La Bath OSS 117
33%
Kamé Sennin Tortue Géniale
33%
Toshinori Yagi All Might
27%
Emmet Brown Doc
20%
Edward Elric L'Alchimiste Fullmetal
20%
Henry Creel Vecna
20%
Henry Jones Jr. Indiana Jones
13%
Jeffrey Lebowski Le Dude
13%
San Princesse Mononoké
13%
Beatrice Prior Tris
13%
Ren Amamiya Joker
7%
Aegon Targaryen Jon Snow
7%
Ivar Lothbrok Le Désossé
7%
Stanley Ipkiss Le Mask
7%
Usagi Tsukino Sailor Moon
7%
Silene Oliveira Tokyo
7%
Olivier de La Fère Athos
0%
Ted Templeton Baby Boss
0%
William Harrington Bonney Billy the Kid
0%
Lucas Caravaggio Dodge
0%
Bakari Bassari Driss
0%
Dexter Douglas Freakazoid
0%
Susan Murphy Génormica
0%
Anung Un Rama Hellboy
0%
Max Rockatansky Mad Max
0%
Emma Webster Mémé
0%
Elliott Spencer Pinhead
0%
Pamela Lillian Isley Poison Ivy
0%
Robert Lespinasse Popeye
0%
Buddy Pine Syndrome
0%
Aucun quiz correspondant
Distribution des résultats
% des personnes avec chaque résultat
Percentile par nombre de réponses
Votre historique - résultats
Vous n’avez pas pris ce quiz depuis la dernière actualisation